• 首页
  • 本馆介绍
  • 公告通知
  • 最新文献
  • 馆藏检索
  • 电子资源
  • 读者导购
  • 参考咨询
  • 我的图书馆
  • 登录
  • 详细信息显示
  • 放入我的书架
  • 预约/预借图书
  • 作者相关作品
  • 分类相关作品
  • 丛书相关作品
  • 出版社相关作品

书目信息

  • 表格格式
  • 工作单格式
  • 卡片格式
题名:
虚拟社会中人的虚拟性活动的哲学研究
    
 
作者: 龚振黔 , 黄河 , 龚婷 著
分册:  
出版信息: 北京   社会科学文献出版社  2020.6
页数: 181页
开本: 24cm
丛书名:
单 册:
中图分类: B0 , TP393.4
科图分类:
主题词: 互联网络--hu lian wang lao--社会哲学--研究
电子资源:
ISBN: 978-7-5201-6708-6
000 01932nam0 2200265 450
001 2159266097
005 20210926145346.0
010    @a978-7-5201-6708-6@dCNY98.00
100    @a20200618d2020 em y0chiy0110 ea
101 0  @achi
102    @aCN@b110000
105    @ay z 000yy
106    @ar
200 1  @a虚拟社会中人的虚拟性活动的哲学研究@Axu ni she hui zhong ren de xu ni xing huo dong de zhe xue yan jiu@f龚振黔, 黄河, 龚婷著
210    @a北京@c社会科学文献出版社@d2020.6
215    @a181页@d24cm
330    @a人的活动是人和社会存在发展的根本方式,离开了人的活动,就难以理解人的本质和社会的本质;而人的活动是变化发展的,在当代,随着科技革命的发展,催生了虚拟社会,使人的活动从物理空间拓展到虚拟空间,形成了以“数字化符号”为中介的虚拟性活动,并对人和社会的发展产生了重大而深远的影响,也给哲学提出了新的认识课题。本书从哲学特别是从马克思主义哲学的视野,选择了“虚拟社会中人的虚拟性活动”作为本课题的研究主题,就是力图通过系统深入地研究虚拟社会中人的虚拟性活动的当代形态、构成系统、基本形式、主要环节、运行机制、价值意义、合理规范等问题,从而深刻理解虚拟性活动这一人类活动的新形态和人、社会存在发展的新方式兴起的必然性、本质、特征、作用、价值等,把握新的历史条件下人和社会的本质及发展的趋势。本书主要研究了七个方面的问题,即人的虚拟性活动的当代形态、人的虚拟性活动的构成系统、人的虚拟性活动的基本形式、人的虚拟性活动的主要环节、人的虚拟性活动的运行机制、人的虚拟性活动的价值意义、人的虚拟性活动的合理规范。这样的研究,对于深化马克思主义哲学视野中的人及社会的研究,对于深刻理解人的本质力量、人的创新本性、人类活动的当代演变和人、社会存在发展方式的重大变革,促进虚拟性活动的健康发展、人的全面发展和社会的文明进步,具有重要的理论意义和现实意义。
606 0  @a互联网络@Ahu lian wang lao@x社会哲学@x研究
690    @aB0@v5
690    @aTP393.4@v5
701  0 @a龚振黔@Agong zhen qian@4著
701  0 @a黄河@Ahuang he@4著
701  0 @a龚婷@Agong ting@4著
801  0 @aCN@b百万庄@c20210926
905    @b1299620-23@dB0@e337@f4
    
    虚拟社会中人的虚拟性活动的哲学研究/龚振黔, 黄河, 龚婷著.-北京:社会科学文献出版社,2020.6
    181页;24cm
    
    
    ISBN 978-7-5201-6708-6:CNY98.00
    人的活动是人和社会存在发展的根本方式,离开了人的活动,就难以理解人的本质和社会的本质;而人的活动是变化发展的,在当代,随着科技革命的发展,催生了虚拟社会,使人的活动从物理空间拓展到虚拟空间,形成了以“数字化符号”为中介的虚拟性活动,并对人和社会的发展产生了重大而深远的影响,也给哲学提出了新的认识课题。本书从哲学特别是从马克思主义哲学的视野,选择了“虚拟社会中人的虚拟性活动”作为本课题的研究主题,就是力图通过系统深入地研究虚拟社会中人的虚拟性活动的当代形态、构成系统、基本形式、主要环节、运行机制、价值意义、合理规范等问题,从而深刻理解虚拟性活动这一人类活动的新形态和人、社会存在发展的新方式兴起的必然性、本质、特征、作用、价值等,把握新的历史条件下人和社会的本质及发展的趋势。本书主要研究了七个方面的问题,即人的虚拟性活动的当代形态、人的虚拟性活动的构成系统、人的虚拟性活动的基本形式、人的虚拟性活动的主要环节、人的虚拟性活动的运行机制、人的虚拟性活动的价值意义、人的虚拟性活动的合理规范。这样的研究,对于深化马克思主义哲学视野中的人及社会的研究,对于深刻理解人的本质力量、人的创新本性、人类活动的当代演变和人、社会存在发展方式的重大变革,促进虚拟性活动的健康发展、人的全面发展和社会的文明进步,具有重要的理论意义和现实意义。
●
相关链接 在E读中查询图书 在五车中查询图书 在当当中查询图书 在豆瓣中查询图书


正题名:虚拟社会中人的虚拟性活动的哲学研究     索取号:B0/337         预约/预借

序号 登录号 条形码 馆藏地/架位号 状态 备注
1 1299620   212996203   第一样本阅览室/ [索取号:B0/337] 在馆    
2 1299621   212996212   第一借阅区/ [索取号:B0/337] 在馆    
3 1299622   212996221   第一借阅区/ [索取号:B0/337] 在馆    
4 1299623   212996230   第一借阅区/ [索取号:B0/337] 在馆    
唐山师范学院图书馆 欢迎您!
大连网信软件有限公司© 版权所有